<?xml version="1.0" encoding="UTF-8"?>
<record
    xmlns:xsi="http://www.w3.org/2001/XMLSchema-instance"
    xsi:schemaLocation="http://www.loc.gov/MARC21/slim http://www.loc.gov/standards/marcxml/schema/MARC21slim.xsd"
    xmlns="http://www.loc.gov/MARC21/slim">

  <leader>01260nam a22002657a 4500</leader>
  <controlfield tag="005">20170124103132.0</controlfield>
  <datafield tag="010" ind1=" " ind2=" ">
    <subfield code="a">A-244943</subfield>
  </datafield>
  <datafield tag="020" ind1=" " ind2=" ">
    <subfield code="c">125.00</subfield>
  </datafield>
  <datafield tag="035" ind1=" " ind2=" ">
    <subfield code="a">A-244943</subfield>
  </datafield>
  <datafield tag="037" ind1=" " ind2=" ">
    <subfield code="b">Cen Lib/Ret</subfield>
  </datafield>
  <datafield tag="040" ind1=" " ind2=" ">
    <subfield code="a">DPL</subfield>
    <subfield code="b">HN</subfield>
  </datafield>
  <datafield tag="082" ind1=" " ind2=" ">
    <subfield code="a">335</subfield>
    <subfield code="b">&#x938;&#x92E;&#x93E;&#x91C; </subfield>
  </datafield>
  <datafield tag="245" ind1=" " ind2=" ">
    <subfield code="a">&#x938;&#x92E;&#x93E;&#x91C;&#x935;&#x93E;&#x926;&#x940; &#x906;&#x902;&#x926;&#x94B;&#x932;&#x928; &#x915;&#x947; &#x926;&#x938;&#x94D;&#x924;&#x93E;&#x935;&#x947;&#x91C;&#x93C; :</subfield>
    <subfield code="c">&#x938;&#x92E;&#x94D;&#x92A;&#x93E;&#x926;&#x915; &#x935;&#x93F;&#x928;&#x94B;&#x926; &#x92A;&#x94D;&#x930;&#x938;&#x93E;&#x926; &#x938;&#x93F;&#x902;&#x939; [&#x914;&#x930;] &#x938;&#x941;&#x928;&#x940;&#x932;&#x92E; </subfield>
    <subfield code="b">1934-52 /</subfield>
  </datafield>
  <datafield tag="246" ind1=" " ind2=" ">
    <subfield code="a">Samajvadi aandolan ke dastavez : 1934-52 /</subfield>
    <subfield code="b">sampadak Vinod Prasad Singh [aur] Suneelam </subfield>
  </datafield>
  <datafield tag="260" ind1=" " ind2=" ">
    <subfield code="a">&#x926;&#x93F;&#x932;&#x94D;&#x932;&#x940; </subfield>
    <subfield code="b">&#x92A;&#x94D;&#x930;&#x924;&#x93F;&#x92A;&#x915;&#x94D;&#x937; &#x92A;&#x94D;&#x930;&#x915;&#x93E;&#x936;&#x928; </subfield>
    <subfield code="c">1985</subfield>
  </datafield>
  <datafield tag="270" ind1=" " ind2=" ">
    <subfield code="a">&#x938;&#x940;/&#x92A;&#x940;-39, &#x92A;&#x940;&#x924;&#x92E;&#x92A;&#x941;&#x930;&#x93E; </subfield>
    <subfield code="b">&#x926;&#x93F;&#x932;&#x94D;&#x932;&#x940; </subfield>
    <subfield code="e">110034</subfield>
  </datafield>
  <datafield tag="300" ind1=" " ind2=" ">
    <subfield code="a">x,452&#x92A;&#x943;. </subfield>
    <subfield code="c">20&#x938;&#x947;&#x92E;&#x940;(&#x938;&#x91C;&#x93F;&#x932;&#x94D;&#x926;)</subfield>
  </datafield>
  <datafield tag="650" ind1=" " ind2=" ">
    <subfield code="a">&#x92A;&#x94D;&#x930;&#x92E;&#x941;&#x916; &#x928;&#x947;&#x924;&#x93E;&#x913;&#x902; -- &#x92A;&#x94D;&#x930;&#x924;&#x93F;&#x915;&#x94D;&#x930;&#x93F;&#x92F;&#x93E;&#x902; </subfield>
    <subfield code="9">82722</subfield>
  </datafield>
  <datafield tag="650" ind1=" " ind2=" ">
    <subfield code="a">&#x938;&#x92E;&#x93E;&#x91C;&#x935;&#x93E;&#x926; -- &#x92A;&#x94D;&#x930;&#x93E;&#x938;&#x902;&#x917;&#x93F;&#x915;&#x924;&#x93E; </subfield>
    <subfield code="9">1792</subfield>
  </datafield>
  <datafield tag="650" ind1=" " ind2=" ">
    <subfield code="a">Top Leaders - responses</subfield>
    <subfield code="9">84497</subfield>
  </datafield>
  <datafield tag="650" ind1=" " ind2=" ">
    <subfield code="a">Socialism - Relevance</subfield>
    <subfield code="9">84498</subfield>
  </datafield>
  <datafield tag="700" ind1=" " ind2=" ">
    <subfield code="a">&#x935;&#x93F;&#x928;&#x94B;&#x926; &#x92A;&#x94D;&#x930;&#x938;&#x93E;&#x926; &#x938;&#x93F;&#x902;&#x939;</subfield>
    <subfield code="9">84499</subfield>
  </datafield>
  <datafield tag="700" ind1=" " ind2=" ">
    <subfield code="a">&#x938;&#x941;&#x928;&#x940;&#x932;&#x92E; </subfield>
    <subfield code="9">500</subfield>
  </datafield>
  <datafield tag="942" ind1=" " ind2=" ">
    <subfield code="2">ddc</subfield>
    <subfield code="c">HN</subfield>
    <subfield code="h">335</subfield>
    <subfield code="m">&#x938;&#x92E;&#x93E;&#x91C; </subfield>
  </datafield>
  <datafield tag="999" ind1=" " ind2=" ">
    <subfield code="c">119355</subfield>
    <subfield code="d">119355</subfield>
  </datafield>
  <datafield tag="952" ind1=" " ind2=" ">
    <subfield code="0">0</subfield>
    <subfield code="1">0</subfield>
    <subfield code="4">0</subfield>
    <subfield code="7">0</subfield>
    <subfield code="a">L</subfield>
    <subfield code="b">L</subfield>
    <subfield code="d">2015-09-16</subfield>
    <subfield code="e">Cen Lib/Ret</subfield>
    <subfield code="g">125.00</subfield>
    <subfield code="l">1</subfield>
    <subfield code="o">335 &#x938;&#x92E;&#x93E;&#x91C;</subfield>
    <subfield code="p">A-244943</subfield>
    <subfield code="r">2022-09-22 00:00:00</subfield>
    <subfield code="s">2022-09-07</subfield>
    <subfield code="t">1</subfield>
    <subfield code="v">125.00</subfield>
    <subfield code="w">2015-09-16</subfield>
    <subfield code="y">HN</subfield>
  </datafield>
</record>
